书目信息 |
| 题名: |
自主学习
|
|
| 作者: | 庞维国 著 | |
| 分册: | ||
| 出版信息: | 上海 华东师范大学出版社 2003 |
|
| 页数: | 316页 | |
| 开本: | 24cm | |
| 丛书名: | 创智学习 | |
| 单 册: | ||
| 中图分类: | G424.6 | |
| 科图分类: | ||
| 主题词: | 学习方法--研究 , 学习方法 | |
| 电子资源: | ||
| ISBN: | 7-5617-3292-9 | |
| 000 | 01014oam2 2200289 450 | |
| 001 | 012007531147 | |
| 005 | 20070530094504.23 | |
| 010 | @a7-5617-3292-9@dCNY27.00 | |
| 100 | @a20070526d2003 km y0chiy0120 ea | |
| 101 | 0 | @achi@aeng |
| 102 | @aCN@b310000 | |
| 105 | @aa z 000yy | |
| 106 | @ar | |
| 200 | 1 | @a自主学习@Azi zhu xue xi@e学与教的原理和策略@f庞维国著@Fpang wei guo zhu |
| 210 | @a上海@c华东师范大学出版社@d2003 | |
| 215 | @a316页@c图@d24cm | |
| 225 | 2 | @a创智学习@i基础教育改革丛书 |
| 330 | @a本书系统介绍了自主学习的有关理论,对中外自主学习的研究历史和现状作了全面分析,并对与学生的自主学习问题相关的教育问题作了全面论述。 | |
| 462 | 1 | @12001 @a基础教育改革丛书 |
| 510 | 1 | @aSelf-regulated learning@eprinciples and educational applications@zeng |
| 517 | 1 | @a学与教的原理和策略@Axue yu jiao de yuan li he ce lue |
| 606 | 0 | @a学习方法@x研究 |
| 606 | 0 | @a学习方法 |
| 690 | @aG424.6@v4 | |
| 701 | 0 | @a庞维国@Apang wei guo@4著 |
| 801 | 0 | @aCN@bRULIN@c20070530 |
| 905 | @dG424.6@e159@s5 | |
| 自主学习:学与教的原理和策略/庞维国著.-上海:华东师范大学出版社,2003 |
| 316页:图;24cm.-(创智学习.基础教育改革丛书) |
| ISBN 7-5617-3292-9:CNY27.00 |
| 本书系统介绍了自主学习的有关理论,对中外自主学习的研究历史和现状作了全面分析,并对与学生的自主学习问题相关的教育问题作了全面论述。 |
| ● |
| 相关链接 |
|
|
|
|
正题名:自主学习
索取号:G424.6/159
 
预约/预借
| 序号 | 登录号 | 条形码 | 馆藏地/架位号 | 状态 | 备注 |
| 1 | 0581646 | 205816465 | 第一样本阅览室/ [索取号:G424.6/159] | 在馆 | |
| 2 | 0581647 | 205816474 | 第四借阅区/ [索取号:G424.6/159] | 在馆 | |
| 3 | 0581648 | 205816483 | 第四借阅区/ [索取号:G424.6/159] | 在馆 | |
| 4 | 0581649 | 205816492 | 第四借阅区/ [索取号:G424.6/159] | 在馆 | |
| 5 | 0581650 | 205816508 | 第四借阅区/ [索取号:G424.6/159] | 在馆 |